| 000 | 00853nam a22002897a 4500 | ||
|---|---|---|---|
| 003 | CHAP | ||
| 005 | 20220329140829.0 | ||
| 008 | 971013s1980 r 00010 d | ||
| 010 | _a58281 | ||
| 011 | _a59253 | ||
| 035 | _a63411 | ||
| 040 | _cCHAP | ||
| 090 | _aFolleto 7551 | ||
| 110 |
_aProductora Nacional de Semillas. México _991893 |
||
| 245 |
_aFrijol _b: negro jamapa, negro 150 y sataya 425 |
||
| 260 |
_aMéxico : _bPRONASE, _c1980 |
||
| 300 | _a(s.p.) | ||
| 490 |
_aTGC _v; 4-81 |
||
| 590 |
_aBATCH-UPD _b10 _c20130110 _lUCH01 _h0758 |
||
| 590 |
_aCONVERSION _b10 _c20130109 _lUCH01 _h1331 |
||
| 650 | 1 | 4 |
_aFrijol _xVariedades. _943446 |
| 830 | 0 |
_aTGC _v; 4-81 _9112591 |
|
| 901 | _aBK | ||
| 942 | _cFOLL | ||
| 949 |
_aFolleto 7551 _bBC _cFOLL _d-136128 _eTS1 _i63411 _mD _si |
||
| 949 |
_aFolleto 7551 _bBC _cFOLL _d-136129 _eTS1 _fc.2 _i63411 _mD _si |
||
| 999 |
_c58281 _d58281 |
||